Die 10 größten Meere der Welt - Statistiken

Allgemein
  • Dieses Quiz wurde 385 mal gespielt
  • Das Durchschnittsergebnis liegt bei 4 aus 10
Antwortstatistiken
Rangliste Fläche in km² ca. Meere % Korrekt
3. 75 Millionen Indischer Ozean
94%
1. 181 Millionen Pazifischer Ozean
92%
2. 107 MIllionen Atlantischer Ozean
91%
5. 14 Millionen Nordpolarmeer
25%
4. 20 Millionen Südpolarmeer
23%
10. 3.9 Millionen Arabisches Meer
19%
8. 4.8 Millionen Korallenmeer
9%
9. 4.2 Millionen Amerikanisches Mittelmeer
7%
7. 5.7 Millionen Phillipinensee
5%
6. 9,1 Millionen Australisches Mittelmeer
2%
Keine übereinstimmenden Quizze gefunden
Verteilung der Resultate
Anzahl Personen mit jedem Resultat
Perzentil nach korrekt beantworteten Fragen
Ihre Resultats-Entwicklung
Sie haben dieses Quiz noch nicht gespielt